Tvorba vstupov pre kompozitné indikátory predikcie vývoja HDP

Meranie výkonnosti ekonomiky. Indikátory výkonnosti ekonomiky - inflácia, nezamestnanosť, minimálna mzda. Indikátory spotrebiteľskej spokojnosti. Konjunkturálne a spotrebiteľské prieskumy v podmienkach SR. Kompozitné indikátory.

Salvato in:
Dettagli Bibliografici
Autore principale: Andrejkovič, Marek
Altri autori: Tarkovičová, Denisa
Natura: Capitolo di libro
Lingua:slovacco
Soggetti:
Tags: Aggiungi Tag
Nessun Tag, puoi essere il primo ad aggiungerne!!

MARC

LEADER 00000nla a2200000 4500
001 0209257
005 20240605120512.1
041 0 |a slo 
044 |a SK 
245 1 0 |a Tvorba vstupov pre kompozitné indikátory predikcie vývoja HDP  |c Marek Andrejkovič, Denisa Tarkovičová 
520 |a Meranie výkonnosti ekonomiky. Indikátory výkonnosti ekonomiky - inflácia, nezamestnanosť, minimálna mzda. Indikátory spotrebiteľskej spokojnosti. Konjunkturálne a spotrebiteľské prieskumy v podmienkach SR. Kompozitné indikátory. 
610 2 0 |a výkonnosť ekonomiky 
610 2 0 |a inflácia 
610 2 0 |a nezamestnanosť 
610 2 0 |a mzdy minimálne 
610 2 0 |a indexy 
610 2 0 |a spokojnosť zákazníkov 
610 2 0 |a prieskum spotrebiteľský 
610 2 0 |a prognózy 
100 1 |a Andrejkovič, Marek 
700 1 |a Tarkovičová, Denisa